| 000 | 00694nam a2200205 a 4500 | ||
|---|---|---|---|
| 005 | 20231026063611.0 | ||
| 008 | 991125s1975 mx 000 0 spa u | ||
| 035 | _aUPN01000006777 | ||
| 049 | _aCG | ||
| 050 | 4 |
_aHX39.5 _bC3.38 |
|
| 245 | 0 | 0 |
_aCarlos Marx sociedad y cambio social : _bcon selecciones de Federico Engels / _ccomp. e introd. Neil J. Smelser ; tr. Manuel Arbolí Gascón. |
| 260 |
_aMéxico : _bExtemporáneos, _c1975. |
||
| 300 | _a346 p. | ||
| 440 | 0 |
_aA pleno sol ; _v43 |
|
| 600 | 1 | 4 |
_aMARX, KARL, _d1818-1883 |
| 650 | 4 |
_aCAMBIO SOCIAL - _vCOLECCIONES DE ESCRITOS _94989 |
|
| 650 | 4 |
_aComunismo y sociedad _910301 |
|
| 700 | 1 |
_aSmelser, Neil J., _ecomp. _930023 |
|
| 905 | _aLibro | ||
| 999 |
_c6777 _d6777 |
||